Las entidades de la Iglesia Católica. Régimen Jurídico.
Uloženo v:
| Hlavní autor: | |
|---|---|
| Médium: | Neznámo |
| Jazyk: | angličtina |
| Vydáno: |
Murcia, España:
Ediciones Laborum,
2024.
|
| Vydání: | 1a. edición. |
| Edice: | Colección Derecho Canónico y Eclesiástico.
|
| Témata: | |
| Tagy: |
Přidat tag
Žádné tagy, Buďte první, kdo vytvoří štítek k tomuto záznamu!
|
MARC
| LEADER | 00000 a2200000 4500 | ||
|---|---|---|---|
| 003 | CL-VaPUC | ||
| 005 | 20250103100421.0 | ||
| 008 | 240821t2024 ||||| |||| 00| 0 eng d | ||
| 999 | |c 444431 |d 444429 | ||
| 020 | |a 9788410262102 | ||
| 022 | |a 978-84-10262-10-2 | ||
| 040 | |c Pontificia Universidad Católica de Valparaíso | ||
| 082 | |2 22 |a 342.460852 LOP 2024 | ||
| 100 | |a López Segovia, Carlos |9 890618 |e autor | ||
| 245 | |a Las entidades de la Iglesia Católica. |b Régimen Jurídico. | ||
| 250 | |a 1a. edición. | ||
| 260 | |a Murcia, España: |b Ediciones Laborum, |c 2024. | ||
| 300 | |a 186 páginas. | ||
| 490 | |a Colección Derecho Canónico y Eclesiástico. | ||
| 583 | |k Yessy Díaz V. |c 20240821 | ||
| 650 | 0 | |9 719828 |a Derecho eclesiástico del Estado |x Ordenamiento jurídico |z España | |
| 650 | 0 | |a Iglesia Católica |x Entidades religiosas |x Personalidad jurídica |9 256114 | |
| 942 | |2 ddc |c BK | ||
| 952 | |0 0 |1 0 |2 ddc |4 0 |6 342_460852000000000_LOP_2024 |7 0 |8 A |9 596331 |a BIBDER |b BIBDER |d 2024-08-21 |e 2 |g 83312.00 |i 5662418 |l 2 |o 342.460852 LOP 2024 |p 5662418 |r 2024-09-04 |s 2024-09-04 |t 1 |v 83312.00 |w 2024-08-21 |y BK |k DER | ||